Böyük İqtisadi Ensiklopediya (Record no. 488)

MARC details
000 -LEADER
fixed length control field 02175nam a2200385 4500
003 - CONTROL NUMBER IDENTIFIER
control field OSt
005 - DATE AND TIME OF LATEST TRANSACTION
control field 20260515083515.0
008 - FIXED-LENGTH DATA ELEMENTS--GENERAL INFORMATION
fixed length control field 260515b |||||||| |||| 00| 0 aze d
020 ## - INTERNATIONAL STANDARD BOOK NUMBER
International Standard Book Number 9789952452648
040 ## - CATALOGING SOURCE
Original cataloging agency AZ-XaKU
Language of cataloging aze
Transcribing agency AZ-XaKU
041 0# - LANGUAGE CODE
Language code of text/sound track or separate title aze
050 14 - LIBRARY OF CONGRESS CALL NUMBER
Classification number HC15 .S1872 2015
245 10 - TITLE STATEMENT
Title Böyük İqtisadi Ensiklopediya
Statement of responsibility, etc. / ideya müəllifi , baş redaktor və ön söz Ziyad Əliabbas oğlu Səmədzadə ; redaksiya heyəti Əli Abbasov, İbad Abbasov, Vahid Axundov [və b.] ; məsləhətçilər L. İ. Abalkin, A. A. Nadirov, V. N. Krasilnikov [və b.] ; nəşriyyat redaktoru S. Ağababayeva ; üz qabığı A. Həsənov ; texniki redaktor R. Qasımov ; səhifələmə A. Duxanina
Number of part/section of a work VII cild
Name of part/section of a work KQLMNOÖPRSŞTUÜVYZ
264 ## - PRODUCTION, PUBLICATION, DISTRIBUTION, MANUFACTURE, AND COPYRIGHT NOTICE
Place of production, publication, distribution, manufacture Bakı:
Name of producer, publisher, distributor, manufacturer Azərbaycan İqtisadçılar İttifaqı,
-- "Letterpress" Nəşriyyat evi,
Date of production, publication, distribution, manufacture, or copyright notice 2015.
300 ## - PHYSICAL DESCRIPTION
Extent 720 səhifə ;
Other physical details şəkil, cədvəl, xəritə, qrafik, sxem, faksmile ;
Dimensions 31 sm.
336 ## - CONTENT TYPE
Content type term text
Content type code txt
Source rdacontent
337 ## - MEDIA TYPE
Media type term unmediated
Media type code n
Source rdamedia
338 ## - CARRIER TYPE
Carrier type term volume
Carrier type code nc
Source rdacarrier
520 0# - SUMMARY, ETC.
Summary, etc. Burada dünya iqtisadiyyatı ilə yanaşı, Azərbaycan iqtisadiyyatının müxtəlif sahələri, bazar strukturları, infrastrukturları, aparıcı maliyyə, bank institutları haqqında yığcam məlumat öz əksini tapmışdır. 7000-dən çox termin-məqaləni əhatə edən bu ensiklopediya MDB məkanında milli dildə işıq üzü görmüş ilk irihəcmli nəşrdir.
650 #7 - SUBJECT ADDED ENTRY--TOPICAL TERM
Source of heading or term AZ-XaKU
Topical term or geographic name entry element İqtisadiyyat
655 ## - INDEX TERM--GENRE/FORM
Source of term AZ-XaKU
Genre/form data or focus term Ensiklopediya.
700 1# - ADDED ENTRY--PERSONAL NAME
Personal name Səmədzadə, Ziya Əliabbas oğlu,
Relator term ideya müəllifi , baş redaktor və ön sözcü.
700 1# - ADDED ENTRY--PERSONAL NAME
Personal name Abbasov, Əli,
Relator term redaksiya heyəti.
700 1# - ADDED ENTRY--PERSONAL NAME
Personal name Abbasov, İbad,
Relator term redaksiya heyəti.
700 1# - ADDED ENTRY--PERSONAL NAME
Personal name Axundov, Vahid,
Relator term redaksiya heyəti.
700 1# - ADDED ENTRY--PERSONAL NAME
Personal name Abalkin, L. İ.,
Relator term məsləhətçi.
700 1# - ADDED ENTRY--PERSONAL NAME
Personal name Nadirov, A. A.,
Relator term məsləhətçi.
700 1# - ADDED ENTRY--PERSONAL NAME
Personal name Krasilnikov, V. N.,
Relator term məsləhətçi.
700 1# - ADDED ENTRY--PERSONAL NAME
Personal name Ağababayeva, S.,
Relator term nəşriyyat redaktoru.
700 1# - ADDED ENTRY--PERSONAL NAME
Personal name Həsənov, A.,
Relator term üz qabığı.
700 1# - ADDED ENTRY--PERSONAL NAME
Personal name Qasımov, R.,
Relator term texniki redaktor.
700 1# - ADDED ENTRY--PERSONAL NAME
Personal name Duxanina, A.
Relator term səhifələmə.
942 ## - ADDED ENTRY ELEMENTS (KOHA)
Koha item type Book
Holdings
Withdrawn status Lost status Source of classification or shelving scheme Damaged status Not for loan Collection Home library Current library Date acquired Total checkouts Full call number Barcode Date last seen Copy number Price effective from Koha item type
    Library of Congress Classification     General Collection Karabakh University Main Library Karabakh University Business & Economics Library 05/15/2026   Hc15 .S1872 2015 v.7 c.2 0000000774 05/15/2026 2 05/15/2026 Book